00810nam a2200217Ia 4500008004100000040001800041041000800059100003400067245010200101260008100203300002400284490005400308504003800362650002400400650001600424650003600440650001300476650004700489651001300536651004300549130821s1976 sp gr spa  aCo-BoUCMbspa00aspa aMolino Garcia, María Teresa03aLa encomienda en el nuevo reino de granada durante el siglo XVIIIcMaría Teresa Molino García aSevilla (Andalucía, España)bEscuela de Estudios Hispanoamericanosc1976 axiii, 206 páginas aEscuela de Estudios Hispanoamericanos de Sevillas aIncluye bibliografía e índice04aColoniasy1550-181004aEncomiendas04aEncomiendasxHistoriazColombia04aHistoria04aInstituciones socioeconómicas coloniales aColombia aColombiaxHistoriayColoniay1550-1810